Housing in the european countryside: rural pressure and policy in Western Europe (Record no. 103351)
[ view plain ]
| 000 -LEADER | |
|---|---|
| fixed length control field | 01253cam a2200313 4500 |
| 008 - FIXED-LENGTH DATA ELEMENTS--GENERAL INFORMATION | |
| fixed length control field | 040212n2003 000 0 eng u |
| 020 ## - INTERNATIONAL STANDARD BOOK NUMBER | |
| International Standard Book Number | 0415288436 |
| 035 ## - SYSTEM CONTROL NUMBER | |
| System control number | (Sirsi) u125131 |
| 041 ## - LANGUAGE CODE | |
| Language code of text/sound track or separate title | eng |
| 050 ## - LIBRARY OF CONGRESS CALL NUMBER | |
| Classification number | 363.5094091734 |
| -- | 21 |
| 050 ## - LIBRARY OF CONGRESS CALL NUMBER | |
| Classification number | 306.9 |
| -- | 18 |
| 245 ## - TITLE STATEMENT | |
| Title | Housing in the european countryside: rural pressure and policy in Western Europe |
| 260 ## - PUBLICATION, DISTRIBUTION, ETC. | |
| Place of publication, distribution, etc. | London |
| Name of publisher, distributor, etc. | Routledge |
| Date of publication, distribution, etc. | 2003 |
| 300 ## - PHYSICAL DESCRIPTION | |
| Extent | xii, 269p. |
| Dimensions | 24cm. |
| 350 ## - PRICE (NR) (BK AM CF MU VM SE) [OBSOLETE] | |
| Price | 22.50 |
| 490 ## - SERIES STATEMENT | |
| Series statement | Routledge Housing, Planning and Design Series |
| 520 ## - SUMMARY, ETC. | |
| Summary, etc. | Provides a overview of the housing pressures and policy challenges facing Europe, while highlighting criticial differences. Draws on contemporary research work of leading authors in the fileds of housing studies, rural geography and planning and offers an introductions to housing issues across the European countryside. Contains chapters on Norway, Sweden, The Netherlands, France, Italy, Spain,Ireland, England, Scotland and Wales. |
| 650 ## - SUBJECT ADDED ENTRY--TOPICAL TERM | |
| Topical term or geographic name entry element | EUROPE |
| 650 ## - SUBJECT ADDED ENTRY--TOPICAL TERM | |
| Topical term or geographic name entry element | RURAL HOUSING |
| 650 ## - SUBJECT ADDED ENTRY--TOPICAL TERM | |
| Topical term or geographic name entry element | HOUSING |
| 650 ## - SUBJECT ADDED ENTRY--TOPICAL TERM | |
| Topical term or geographic name entry element | PLANNING |
| 650 ## - SUBJECT ADDED ENTRY--TOPICAL TERM | |
| Topical term or geographic name entry element | HOUSING POLICY |
| 650 ## - SUBJECT ADDED ENTRY--TOPICAL TERM | |
| Topical term or geographic name entry element | HOUSING ISSUES |
| 690 ## - LOCAL SUBJECT ADDED ENTRY--TOPICAL TERM (OCLC, RLIN) | |
| Topical term or geographic name as entry element | HOUSING |
| 700 ## - ADDED ENTRY--PERSONAL NAME | |
| Personal name | Gallent, N. |
| 700 ## - ADDED ENTRY--PERSONAL NAME | |
| Personal name | Shucksmith, M. |
| 700 ## - ADDED ENTRY--PERSONAL NAME | |
| Personal name | Tewdwr-Jones, M. |
| 942 ## - ADDED ENTRY ELEMENTS (KOHA) | |
| Suppress in OPAC | 0 |
| Withdrawn status | Lost status | Source of classification or shelving scheme | Damaged status | Not for loan | Home library | Current library | Shelving location | Date acquired | Cost, normal purchase price | Total Checkouts | Full call number | Barcode | Date last seen | Date last checked out | Copy number | Cost, replacement price | Price effective from | Koha item type |
|---|---|---|---|---|---|---|---|---|---|---|---|---|---|---|---|---|---|---|
| Dewey Decimal Classification | London | London | Books | 16/03/2004 | 22.50 | 2 | 306.9 GAL | 30068687 | 03/01/2024 | 22/04/2005 | 1 | 22.50 | 06/08/2019 | Book |